000 00753nam a2200217Ia 4500
008 130821s2007 mx a gr spa
020 _a9789701512623
040 _aCo-BoUCM
_bspa
041 0 0 _aspa
100 1 _aSierra, Antonio Martín
_9141526
245 1 0 _aDesarrollo de aplicaciones Web con ASP-Net 2.0
_cAntonio Martín Sierra
260 _aMéxico D.F. (México)
_bAlfaomega grupo editor
_c2007
300 _axxii, 440 páginas
_bilustraciones
_e1 CD-ROM
500 _aIncluye índice.
650 0 4 _aDiseño de páginas web
_913380
650 0 4 _aInformática
_917593
650 0 4 _aPaginas web
_920992
650 0 4 _aProgramación en internet
_922495
942 _cLIBRO
_a1
_e1
_mS572d
_2DEWEY
_h005.12
_n0
999 _c70892
_d70892